|
|
|
|
| LEADER |
03455nam a22005895i 4500 |
| 001 |
978-3-642-39185-9 |
| 003 |
DE-He213 |
| 005 |
20151030211018.0 |
| 007 |
cr nn 008mamaa |
| 008 |
130708s2013 gw | s |||| 0|eng d |
| 020 |
|
|
|a 9783642391859
|9 978-3-642-39185-9
|
| 024 |
7 |
|
|a 10.1007/978-3-642-39185-9
|2 doi
|
| 040 |
|
|
|d GrThAP
|
| 050 |
|
4 |
|a QA76.9.A25
|
| 072 |
|
7 |
|a URY
|2 bicssc
|
| 072 |
|
7 |
|a COM053000
|2 bisacsh
|
| 082 |
0 |
4 |
|a 005.82
|2 23
|
| 245 |
1 |
0 |
|a E-Voting and Identify
|h [electronic resource] :
|b 4th International Conference, Vote-ID 2013, Guildford, UK, July 17-19, 2013. Proceedings /
|c edited by James Heather, Steve Schneider, Vanessa Teague.
|
| 264 |
|
1 |
|a Berlin, Heidelberg :
|b Springer Berlin Heidelberg :
|b Imprint: Springer,
|c 2013.
|
| 300 |
|
|
|a X, 211 p. 29 illus.
|b online resource.
|
| 336 |
|
|
|a text
|b txt
|2 rdacontent
|
| 337 |
|
|
|a computer
|b c
|2 rdamedia
|
| 338 |
|
|
|a online resource
|b cr
|2 rdacarrier
|
| 347 |
|
|
|a text file
|b PDF
|2 rda
|
| 490 |
1 |
|
|a Lecture Notes in Computer Science,
|x 0302-9743 ;
|v 7985
|
| 505 |
0 |
|
|a Scaling Privacy Guarantees in Code-Verification Elections -- On the Specification and Verification of Voting Schemes -- Formal Model-based Validation for Tally Systems -- Vote Casting In Any Preferred Constituency: A New Voting Channel -- Attacking the Verification Code Mechanism in the Norwegian Internet Voting System.- A Formal Model for the Requirement of Verifiability in Electronic Voting by means of a Bulletin Board -- Analysis of an Electronic Boardroom Voting System -- Dispute Resolution in Accessible Voting Systems: The Design and Use of Audiotegrity -- Mental Models of Verifiability in Voting -- Towards a Practical Internet Voting Scheme Based on Malleable Proofs -- A Practical Coercion Resistant Voting Scheme Revisited.
|
| 520 |
|
|
|a This book constitutes the thoroughly refereed conference proceedings of the 4th International Conference on E-Voting and Identity, VoteID 2013, held in Guildford, UK, during July 17-19, 2013. The 12 revised full papers presented were carefully selected from 26 submissions. The papers include a range of works on end-to-end verifiable election systems, verifiably correct complex tallying algorithms, human perceptions of verifiability, formal models of verifiability and, of course, attacks on systems formerly advertised as verifiable.
|
| 650 |
|
0 |
|a Computer science.
|
| 650 |
|
0 |
|a Computer communication systems.
|
| 650 |
|
0 |
|a Special purpose computers.
|
| 650 |
|
0 |
|a Computer security.
|
| 650 |
|
0 |
|a Data encryption (Computer science).
|
| 650 |
|
0 |
|a Application software.
|
| 650 |
|
0 |
|a Computers and civilization.
|
| 650 |
1 |
4 |
|a Computer Science.
|
| 650 |
2 |
4 |
|a Data Encryption.
|
| 650 |
2 |
4 |
|a Systems and Data Security.
|
| 650 |
2 |
4 |
|a Computer Communication Networks.
|
| 650 |
2 |
4 |
|a Special Purpose and Application-Based Systems.
|
| 650 |
2 |
4 |
|a Computer Appl. in Administrative Data Processing.
|
| 650 |
2 |
4 |
|a Computers and Society.
|
| 700 |
1 |
|
|a Heather, James.
|e editor.
|
| 700 |
1 |
|
|a Schneider, Steve.
|e editor.
|
| 700 |
1 |
|
|a Teague, Vanessa.
|e editor.
|
| 710 |
2 |
|
|a SpringerLink (Online service)
|
| 773 |
0 |
|
|t Springer eBooks
|
| 776 |
0 |
8 |
|i Printed edition:
|z 9783642391842
|
| 830 |
|
0 |
|a Lecture Notes in Computer Science,
|x 0302-9743 ;
|v 7985
|
| 856 |
4 |
0 |
|u http://dx.doi.org/10.1007/978-3-642-39185-9
|z Full Text via HEAL-Link
|
| 912 |
|
|
|a ZDB-2-SCS
|
| 912 |
|
|
|a ZDB-2-LNC
|
| 950 |
|
|
|a Computer Science (Springer-11645)
|